000 00504nam a2200205Ia 4500
003 OSt
005 20241029130458.0
008 210210b2012 xxu||||| |||| 00| 0 eng d
020 _a9780521876612
040 _cAL
041 _aeng
082 _a796 BLAS
100 _aBLAIR (Roger D)
_9183669
245 _aSports economics
260 _aNew York
_bCambridge University Press
_c2012
300 _axxiii,530
690 _aAthletic & Outdoor Sports
_9183670
906 _a068012
942 _2ddc
_cBK
999 _c152194
_d152194